00000000nam 2200000zi 4500
0019.945094
003CaOODSP
00520250822095026
006m     o  d f      
007cr cn ||||||||
008241112t20242024quc     ob   f000 0 eng d
020 |a9780660744605
040 |aCaOODSP|beng|erda|cCaOODSP
043 |an-cn---
0861 |aTT4-95/2024E-PDF
24500|aFive-year review of interswitching regulations and rates : |bconsultation paper / |cCanadian Transportation Agency.
264 1|aGatineau, QC : |bCanadian Transportation Agency = Office des transports du Canada, |c[2024]
264 4|c©2024
300 |a1 online resource (15 pages)
336 |atext|btxt|2rdacontent
337 |acomputer|bc|2rdamedia
338 |aonline ressource|bcr|2rdacarrier
500 |aIssued also in French under title: Examen quinquennal du règlement sur l'interconnexion, et établissement des prix : document de consultation.
504 |aIncludes bibliographical references.
650 0|aRailroads|xFreight|xRates|zCanada.
7102 |aCanadian Transportation Agency, |eissuing body.
77508|tExamen quinquennal du règlement sur l'interconnexion, et établissement des prix : |w(CaOODSP)9.945093
85640|qPDF|s297 KB|uhttps://publications.gc.ca/collections/collection_2025/otc-cta/TT4-95-2024-eng.pdf
8564 |qHTML|sN/A|uhttps://otc-cta.gc.ca/eng/publication/five-year-review-interswitching-regulations-and-rates-consultation-paper